| 000 | 00907nam a2200265Ia 4500 | ||
|---|---|---|---|
| 003 | OSt | ||
| 005 | 20220925223711.0 | ||
| 006 | a|||||r|||| 00| 0 | ||
| 007 | ta | ||
| 008 | 220923b |||||||| |||| 00| 0 eng d | ||
| 020 |
_a9780415583633 _c5473.5 |
||
| 037 |
_b101/2011-12, 22/07/2011, PIONEER BOOK DISTRIBUTORS _cGeneral Book |
||
| 040 |
_aRTL _cRTL _beng |
||
| 041 |
_2eng _aeng |
||
| 082 | _aY33:582.591.M, Q1 | ||
| 100 |
_aFREITAG Ulrike _9290220 |
||
| 245 | 0 |
_aCity in the Ottoman Empire _b Migration and the making of urban modernity |
|
| 260 |
_aLondon _bRoutledge _c2011 |
||
| 300 |
_axi,269p. _ccm. |
||
| 490 | _aSOAS/Routledge studies on the Middle East | ||
| 500 | _aBibliography: P 242-61 | ||
| 650 | _aGeography | ||
| 942 |
_hY33:582.591.M, Q1 _cGB _2CC |
||
| 999 |
_c580243 _d580243 |
||